Pythagore - Statistiques

Statistiques générales
  • Ce quiz a été pris 74 fois
  • Le résultat moyen est 3 sur 5
Statistiques - réponses
Question Réponse % Correct
Dans le triangle ABC rectangle en B, on a AB=6 et BC=8. À combien est égal AC? 10
100%
Dans un triangle DEF, on a DE=3, EF=6 et FD=9. Ce triangle est-il rectangle? Non
71%
On a un rectangle GHIJ, avec les longueurs mesurant 15 et les largeurs 10, on trace ses diagonales. On obtient le triangle GHI. Quelle sera la longueur de l’hypothénuse? Si besoin, on arrondira à l’unité près. 18
57%
Sans calculer (même si je ne peux pas savoir), donnez moi la troisième longueur si AB=3, BC=4 et que le triangle est rectangle en B. 5
43%
Dans ce même rectangle, on appelle K l’intersection des deux diagonales. On obtient le triangle GJK avec GK=9 et JK=9. Le triangle ainsi tracé est-il rectangle? Non
43%
Aucun quiz correspondant
Distribution des résultats
% des personnes avec chaque résultat
Percentile par nombre de réponses
Votre historique - résultats
Vous n’avez pas pris ce quiz